HRD score card 2500 : (Record no. 15036)

MARC details
000 -LEADER
fixed length control field 00893nam a22002537a 4500
001 - CONTROL NUMBER
control field ENG-90747
005 - DATE AND TIME OF LATEST TRANSACTION
control field 20080825122348.0
008 - FIXED-LENGTH DATA ELEMENTS--GENERAL INFORMATION
fixed length control field 080825t xxu||||| |||| 00| 0 eng d
010 ## - LIBRARY OF CONGRESS CONTROL NUMBER
LC control number ENG-90747
020 ## - INTERNATIONAL STANDARD BOOK NUMBER
International Standard Book Number 9788178298368 (pbk.)
Terms of availability 450.00
035 ## - SYSTEM CONTROL NUMBER
System control number EN-74280
037 ## - SOURCE OF ACQUISITION
Source of stock number/acquisition DBAD / PUB
040 ## - CATALOGING SOURCE
Original cataloging agency DPL
082 ## - DEWEY DECIMAL CLASSIFICATION NUMBER
Classification number 658.3
100 ## - MAIN ENTRY--PERSONAL NAME
Personal name Venkateswara Rao, T.
245 ## - TITLE STATEMENT
Title HRD score card 2500 :
Remainder of title based on HRD audit /
Statement of responsibility, etc by T.V. Rao.
260 ## - PUBLICATION, DISTRIBUTION, ETC. (IMPRINT)
Place of publication, distribution, etc New Delhi
Name of publisher, distributor, etc Response Books,
Date of publication, distribution, etc c2008.
300 ## - PHYSICAL DESCRIPTION
Extent 297p.
Dimensions 23 cm.(pbk)
500 ## - GENERAL NOTE
General note Includes index.
650 ## - SUBJECT ADDED ENTRY--TOPICAL TERM
Topical term or geographic name as entry element Personnel management
General subdivision Evaluation.
942 ## - ADDED ENTRY ELEMENTS (KOHA)
Source of classification or shelving scheme Dewey Decimal Classification
Koha item type English Books
Classification part 658.3
Call number suffix VEN
Holdings
Withdrawn status Lost status Damaged status Not for loan Collection code Home library Current library Date acquired Source of acquisition Cost, normal purchase price Total Checkouts Full call number Barcode Date last seen Cost, replacement price Price effective from Koha item type
      Not For Loan Non-fiction D.B.Act.Division D.B.Act.Division 25/08/2008 DBAD / PUB 450.00   658.3 VEN EN-74280 15/09/2008 450.00 15/09/2008 English Books

© Delhi Public Library
Hit Counter
free hit counter